|
|
|
|
| LEADER |
01015nam a22002772a 4500 |
| 001 |
000845540 |
| 003 |
CZ BrMZK |
| 005 |
20070322063212.0 |
| 007 |
ta |
| 008 |
070322s1988 xo a er|||||||||||hun d |
| 040 |
|
|
|a ABA001
|b cze
|c ABA001
|d BOA001
|
| 041 |
1 |
|
|a hun
|h cze
|
| 080 |
9 |
|
|a 372.893(075.2)=945.11
|
| 100 |
1 |
|
|a Skladaný, Marián,
|d 1940-
|7 mzk2004229358
|4 aut
|
| 245 |
1 |
0 |
|a Történelem az alapiskola 5. osztálya számára /
|c Szerzök: Marián Skladaný, Tomáš Jílek a Marta Orságová ; translation: Anton Párkány
|
| 250 |
|
|
|a 1. kiadás
|
| 260 |
|
|
|a Bratislava :
|b Slovenské pedagogické nakladateľstvo,
|c 1988
|
| 300 |
|
|
|a 222 s. :
|b barev. il. ;
|c 8°
|
| 500 |
|
|
|a Souběž. slov. název
|
| 700 |
1 |
|
|a Orságová, Marta
|7 jn19981001919
|4 aut
|
| 700 |
1 |
|
|a Jílek, Tomáš,
|d 1934-2020
|7 jn20000401277
|4 aut
|
| 910 |
|
|
|a BOA001
|b PK-0108.644
|
| 990 |
|
|
|a BK
|
| 995 |
|
|
|a 02
|
| 991 |
|
|
|b 200703
|
| 996 |
6 |
|
|b BC-439598
|c PK-0108.644
|y 1938
|l MZK
|r Sklad / do 1 hodiny
|n 0
|w 000845540
|u 000010
|a 1
|e BOA001
|j MZK50
|s P
|